00282nam a2200121Ia 4500008004100000100001600041245003300057260002500090300000900115650001400124942000700138999001500145190216s9999||||xx |||||||||||||| ||und|| aGurdeep Raj 0aAdvanced Inorganic Chemistry bGoel Pub Housec2002 a1076 aChemistry cBK c3335d3335